Animés avec une mauvaise description - Statistiques

Statistiques générales
  • Ce quiz a été pris 1 306 fois
  • Le résultat moyen est 11 sur 30
Statistiques - réponses
Description Titre % Correct
De la cuisine et des orgasmes Food Wars
87%
Des pirates avec des pouvoirs ne trouvent pas de trésors et ne pillent rien, mais aide des gens One Piece
86%
Un garçon atrophié voyage dans le monde et est offusqué quand quelqu'un parle de sa taille. Il a aussi un frère en métal Fullmetal Alchemist
84%
Une rousse, Sasuke, et Near cherche à s'évader d'un orphenlinat pour ne pas devenir de la viande vendue au supermarché The Promised Neverland
77%
Une femme armée d'un trousseau de clé se fait envahir son appartement par un chat bleu et un cracheur de feu Fairy Tail
64%
Un loup cherche à séduire une lapine qui aime le sexe Beastars
63%
Un collégien avec une coupe au bol essaye de séduire une fille. Il a aussi des pouvoirs psychiques Mob Psycho 100
58%
Une lignée d'hommes musclés qui prennent la pose (et sauve le monde) Jojo's Bizarre Adventure
56%
Un enfant quitte son foyer pour réduire à l'esclavage des créatures sauvages et les forcer à se battre Pokemon
52%
Un adolescent se construit un harem grâce à son niveau impressionnant dans des jeux-vidéo mortelles Sword Art Online
52%
Un garçon harcèle une handicapée, puis se fait harceler à son tour. Lorsqu'il se retrouve quelques années plus tard, ils veulent tous les deux mettre fin à leurs jours A Silent Voice
51%
Un rat de bibliothèque change de couleur de cheveux à maintes reprises et boit du café Tokyo Ghoul
47%
Une enfant et un robot explorent un trou Made in Abyss
43%
Un dieu bas de gamme vend ses service pour 5 yens Noragami
43%
Contenu louche pour adulte impliquant des enfants gays Boku No Pico
35%
Une fillette, une elfe, un nain, un lézard et un homme en armure rouillé tuent des petits hommes verts Goblin Slayer
35%
Des faux scientifiques font de la gelée avec un micro-onde et une banane Steins;Gate
35%
Un adolescent descolarisé réuni ses amis d'enfance pour réaliser le souhait d'une enfant morte dont il est toujours amoureux AnoHana
28%
Un homme meurt d'une façon pitoyable puis cherche à vaincre un roi démon, aidé par une terroriste, une masochiste et une fille qui ne porte pas de culotte Konosuba
27%
Un adolescent qui aime sa prof, et couche avec une autre fille pour l'oublier, les deux filles deviennent ses sœurs (belles-filles de sa mère) Domestic Girlfriend
23%
Une femme enlève ses vêtements pour devenir plus forte, et cherche à battre la cheffe de l'école à l'aide d'une bande de nudistes Kill la Kill
17%
Un salarié se réincarne une petite fille et devient lieutenant dans l'Allemagne nazi Youjo Senki
17%
Un homme musclé entraine des jeunes filles pour qu'elles aient plus de muscles Dumbbell
11%
Une femme se déshabille avant de rentrer dans un homme mascotte pour en prendre le contrôle Gleipnir
11%
Une fille intriguée et un garçon qui n'aime pas le rose résolvent des mystères Hyouka
11%
Des enfants frappent des enfants en utilisant d'autres enfants Soul Eater
7%
Un vampire aide un crabe, un escargot, un singe, un serpent et un chat Monogatari series
6%
Un adolescent se sert de sa main droite pour aider une fille qui porte une église en guise de vêtements A Certain Magical Index
5%
Un collégien se faisant racketter régulièrement par son père aide un club de tennis composé de cas sociaux Stars Align
4%
Un prodige dépressif squatte chez trois filles March comes in like a lion
2%
Aucun quiz correspondant
Distribution des résultats
% des personnes avec chaque résultat
Percentile par nombre de réponses
Votre historique - résultats
Vous n’avez pas pris ce quiz